A companion to Beethoven's pianoforte sonatas: bar-to-bar analysis

Guardat en:
Dades bibliogràfiques
Autor principal: Tovey, Donald Francis (Autor)
Format: Llibre
Idioma:anglès
Publicat: Londres The Associated board of The Royal Schools of Music 1943
Matèries:
Etiquetes: Afegir etiqueta
Sense etiquetes, Sigues el primer a etiquetar aquest registre!

MARC

LEADER 00000nam a2200000 a 4500
001 UCN3197
003 CL-VaPUC
008 010622e19430000UK |||||||||||||||||eng|d
082 0 4 |a 786.2183092  |b TOV  |2 21 
100 0 |a Tovey, Donald Francis  |e author  |9 459612 
245 1 2 |a A companion to Beethoven's pianoforte sonatas: bar-to-bar analysis 
300 |a 301 p 
942 |c BK 
945 |d 20010622 00:00:00  |a crobeson 
260 |a Londres  |b The Associated board of The Royal Schools of Music  |c 1943 
600 0 |a Beethoven, Ludwig van  |d 1770​-1827  |e compositor  |9 306286 
650 0 |a Música para piano  |9 306528 
650 0 |a Sonatas  |9 458722 
650 0 |a Análisis musical  |9 267228 
583 |a last modification  |c 20010622 00:00:00  |k Rodrigo Vera 
999 |c 296122  |d 296120 
952 |0 0  |1 0  |4 0  |6 786_218309200000000_TOV_1943  |7 0  |8 A  |9 349734  |a BIBEDU  |b BIBEDU  |d 2019-11-20  |i 1234501  |o 786.2183092 TOV 1943  |p 1234501  |r 2023-01-12  |w 2019-11-20  |y BK  |k MUS